000 00258 a2200085 4500
100 1 _aSmirnov, K.A..
_eAutor
245 0 _aSredstva svjazi v upravljajuscich sistemach /
_cSmirnov K.A..
710 2 _aZnanie.
_eWydawca
_4pbl
260 _aMoskva :
_bZnanie,
_c1969.
300 _a45 s.;
_c24 cm.
999 _c12241
_d12241